Naga.

Published: Malaysia: WorldFish Center, 1993
Subjects:
LEADER 00815cam a2200217 7i4500
001 0000039083
005 20100914090000.0
008 080805
022 # # |a 0116-290X 
090 0 0 |a SH 321   |b .N3 
245 0 0 |a Naga. 
260 # # |a Malaysia:   |b WorldFish Center,   |c 1993 
500 # # |a Carries news and articles on tropical aquatic resource research 
650 0 0 |a Biology --   |x Zoology  
850 # # |a Library has : Apr-Jun, July-Sept,Oct-Dec 1998, Apr-Jun, July-sept 1999, Jan-Mac, Apr-jun, Oct-Dec 2000, Jan-Jun, July-Dec 2001, Jan-Mac, July-Dec 2002 
999 |a 1000402576  |b Jurnal  |c Jurnal Berjilid  |e KOLEKSI TERBITAN BERSIRI 
999 |a 1100058008  |b Jurnal  |c Jurnal Berjilid  |e STACKROOM 1 
999 |a 1100079013  |b Jurnal  |c Jurnal Berjilid  |e STACKROOM 1 
999 |a 1100079014  |b Jurnal  |c Jurnal Berjilid  |e STACKROOM 1